ՀՀ Գիտությունների ազգային ակադեմիայի հիմնարար գիտական գրադարան  =   Fundamental Scientific Library of NAS RA

Исследования цитогенетике полиплоидных форм сахарной свеклы / (Record no. 362345)

MARC details
000 -LEADER
fixed length control field 01043nam a2200217 a 4500
001 - CONTROL NUMBER
control field 001127963
003 - CONTROL NUMBER IDENTIFIER
control field AM-YeHGA
005 - DATE AND TIME OF LATEST TRANSACTION
control field 20250617152014.0
008 - FIXED-LENGTH DATA ELEMENTS--GENERAL INFORMATION
fixed length control field 160209s1976 ||| r 000 0 rus d
040 ## - CATALOGING SOURCE
Original cataloging agency AM-YeHGA
041 0# - LANGUAGE CODE
Language code of text/sound track or separate title rus
090 ## - LOCALLY ASSIGNED LC-TYPE CALL NUMBER (OCLC); LOCAL CALL NUMBER (RLIN)
-- 364193
245 00 - TITLE STATEMENT
Title Исследования цитогенетике полиплоидных форм сахарной свеклы /
Statement of responsibility, etc. В.Е. Бормотов, В.Н. Загрекова, Б.Ф. Матросов и др.; Под ред. В.Е. Бормотова; АН БССР. Ин-т генетики и цитологии.
260 ## - PUBLICATION, DISTRIBUTION, ETC.
Place of publication, distribution, etc. Минск :
Name of publisher, distributor, etc. Наука и техника,
Date of publication, distribution, etc. 1976.
300 ## - PHYSICAL DESCRIPTION
Extent 182 с. :
Other physical details ил.
653 0# - INDEX TERM--UNCONTROLLED
Uncontrolled term Сахарная свекла, полиплоидная - Цитологические исследования
700 1# - ADDED ENTRY--PERSONAL NAME
Personal name Бормотова, В.Е.
Relator term авт.
Relationship aut
Relator term ред.
Relationship edt
700 1# - ADDED ENTRY--PERSONAL NAME
Personal name Загрекова, В.Н.
700 1# - ADDED ENTRY--PERSONAL NAME
Personal name Матросов, Б.Ф.
710 2# - ADDED ENTRY--CORPORATE NAME
Corporate name or jurisdiction name as entry element Институт генетики и цитологии АН БССР
Holdings
Withdrawn status Lost status Damaged status Not for loan Collection Home library Current library Date acquired Total checkouts Full call number Barcode Date last seen Price effective from Koha item type Public note
        General Fundamental Scientific Library Fundamental Scientific Library 11/01/2017   РII/388658 FL0362173 11/01/2017 11/01/2017 Գրքեր / Books 30 Days Loan


ՀՀ ԳԱԱ հիմնարար գիտական գրադարան
ՀՀ,Երևան 0019
Մարշալ Բաղրամյան 24/6
հեռախոս:(374-10) 52-47-50
Հետադարձ կապ

All site content, except where otherwise noted, is licensed under a
Creative Commons License